Estudio de pulpeo químico de Gmelina arborea de Costa Rica
Guardado en:
| 主要作者: | |
|---|---|
| 其他作者: | |
| 格式: | 圖書 |
| 語言: | Spanish |
| 出版: |
[San José, Costa Rica] : Universidad de Costa Rica, [Facultad de Ingeniería], Instituto de Investigaciones en Ingeniería, Laboratorio de Productos Forestales
2006
|
| 標簽: |
添加標簽
沒有標簽, 成為第一個標記此記錄!
|
MARC
| LEADER | 00000nam a2200000Ia 4500 | ||
|---|---|---|---|
| 003 | PI0152 | ||
| 005 | 20240510104736.0 | ||
| 008 | 140114s2006 cr a 000 ||spa d | ||
| 040 | |c cru CEDI | ||
| 100 | |a Blanco Rojas, María Lorena, 1959-2011 |9 1709 | ||
| 245 | |a Estudio de pulpeo químico de Gmelina arborea de Costa Rica | ||
| 260 | |a [San José, Costa Rica] : Universidad de Costa Rica, [Facultad de Ingeniería], Instituto de Investigaciones en Ingeniería, Laboratorio de Productos Forestales |c 2006 | ||
| 500 | |a Informe Final No. 731-A4-136 | ||
| 700 | |a Rodríguez Leiva, Rene, 1977- |9 2930 | ||
| 942 | |c PI |h PI-152 |i PI0152 |6 PI_152_PI0152 | ||
| 999 | |c 13091 |d 13091 | ||
